| 000 | 00550nam a2200181Ia 4500 | ||
|---|---|---|---|
| 003 | IN-BaIIA | ||
| 008 | 211028s9999 xx 000 0 eng d | ||
| 020 | _a0-8053-8531-2 | ||
| 040 | _cIIA Library | ||
| 080 |
_a52 _bAST |
||
| 245 | 0 |
_aAstronomy _bselected readings _cedited by Michael A Seeds |
|
| 260 |
_aCalifornia _bThe Benjamin-Cummins _c1980 |
||
| 300 | _axiv, 178p. | ||
| 650 |
_aAstronomy _980 |
||
| 650 | _aAstronomy and astrophysics thesaurus | ||
| 700 |
_aSeeds, Michael A., ed. _911724 |
||
| 942 | _cBK | ||
| 999 |
_c6841 _d6841 |
||